[Event "Canarias-chT Honor"]
[Site "Spain"]
[Date "2020.02.15"]
[Round "6.4"]
[White "Moreno Diepa, Diego"]
[Black "Montesinos Mujica, Emmanuel Alej"]
[Result "0-1"]
[WhiteElo "1707"]
[BlackElo "1630"]
[PlyCount "74"]
[EventDate "2020.01.11"]
[EventType "team-tourn"]
[EventRounds "9"]
[EventCountry "ESP"]
[SourceTitle "CBM 195 Extra"]
[Source "ChessBase"]
[SourceDate "2020.05.31"]
[SourceVersion "1"]
[SourceVersionDate "2020.05.31"]
[SourceQuality "1"]
[WhiteTeam "Guia"]
[BlackTeam "Herbania"]
[WhiteTeamCountry "ESP"]
[BlackTeamCountry "ESP"]

1. e4 c5 2. c3 d5 3. exd5 Qxd5 4. d4 cxd4 5. cxd4 Nc6 6. Nf3 e6 7. Be2 Nf6 8. Nc3 Qd8 9. 0-0 Be7 10. h3 0-0 11. Be3 a6 12. Qb3 b5 13. Ne5 Bb7 14. Rfd1 Rc8 15. Rac1 Na5 16. Qc2 b4 17. Bd3 bxc3 18. bxc3 h6 19. Qe2 Nd5 20. Bd2 Bg5 21. c4 Nf4 22. Bxf4 Bxf4 23. Rb1 Bxe5 24. dxe5 Qe7 25. f4 Ba8 26. Kh2 Nb7 27. g4 Qh4 28. Rg1 Nc5 29. Bc2 Rc7 30. Qe3 Rd8 31. Rgd1 Rxd1 32. Rxd1 Qe7 33. f5 exf5 34. gxf5 Be4 35. Bxe4 Qxe5+ 36. Qg3 Qxg3+ 37. Kxg3 Nxe4+ 0-1

[Event "Puerto del Rosario op U2300 "]
[Site "Puerto del Rosario"]
[Date "2018.09.27"]
[Round "2"]
[White "Montesinos Mujica, Emmanuel Alej"]
[Black "Mendez Acosta, Alexander Jesus"]
[Result "0-1"]
[WhiteElo "1617"]
[BlackElo "2002"]
[PlyCount "46"]
[EventDate "2018.09.27"]
[EventType "swiss"]
[EventRounds "7"]
[EventCountry "ESP"]
[SourceTitle "CBM 187 Extra"]
[Source "ChessBase"]
[SourceDate "2018.11.04"]
[SourceVersion "1"]
[SourceVersionDate "2018.11.04"]
[SourceQuality "1"]

1. e4 e6 2. Nf3 b6 3. d4 Bb7 4. Bd3 Nf6 5. Bg5 Be7 6. Qe2 c5 7. c3 h6 8. Bh4 d5 9. Bb5+ Bc6 10. dxc5 bxc5 11. Ne5 Bxb5 12. Qxb5+ Nfd7 13. Bxe7 Qxe7 14. exd5 exd5 15. Qb7 Nxe5 16. Qxa8 Nec6+ 17. Kd1 0-0 18. Nd2 Qd7 19. b4 cxb4 20. cxb4 Nd4 21. Nb3 Qg4+ 22. Kc1 Rc8+ 23. Nc5 Qe2 0-1

[Event "Canarias-ch U18"]
[Site "Santa Cruz de Tenerife"]
[Date "2018.05.12"]
[Round "4"]
[White "Perez Garcia, Jimena"]
[Black "Montesinos Mujica, Emmanuel Alej"]
[Result "1-0"]
[WhiteElo "1709"]
[BlackElo "1603"]
[PlyCount "63"]
[EventDate "2018.05.10"]
[EventType "swiss"]
[EventRounds "6"]
[EventCountry "ESP"]
[SourceTitle "EXT 2022"]
[Source "ChessBase"]
[SourceDate "2021.10.06"]
[SourceVersion "1"]
[SourceVersionDate "2021.10.06"]
[SourceQuality "1"]

1. d4 Nf6 2. c4 c5 3. d5 b5 4. cxb5 a6 5. bxa6 d6 6. Nc3 g6 7. g3 Bxa6 8. Bg2 Bg7 9. Nf3 0-0 10. Rb1 Nbd7 11. 0-0 Qa5 12. Bd2 Rfb8 13. Qc2 Qd8 14. b3 Ra7 15. Rfe1 Ng4 16. h3 Nge5 17. a4 Nxf3+ 18. exf3 Ne5 19. Re3 Nd7 20. f4 Bd4 21. Ree1 Rab7 22. Na2 Nf6 23. b4 cxb4 24. Nxb4 Rc8 25. Nc6 Nh5 26. Be3 Bxe3 27. Rxe3 Rbc7 28. Rb6 Ra8 29. Rxe7 Rxc6 30. Qxc6 Qxe7 31. Qxa8+ Kg7 32. Qxa6 1-0

[Event "Canarias-ch U18"]
[Site "Santa Cruz de Tenerife"]
[Date "2018.05.11"]
[Round "2"]
[White "Montesinos Mujica, Emmanuel Alej"]
[Black "Gil Ojeda, Jorge"]
[Result "0-1"]
[WhiteElo "1603"]
[BlackElo "1873"]
[PlyCount "52"]
[EventDate "2018.05.10"]
[EventType "swiss"]
[EventRounds "6"]
[EventCountry "ESP"]
[SourceTitle "EXT 2022"]
[Source "ChessBase"]
[SourceDate "2021.10.06"]
[SourceVersion "1"]
[SourceVersionDate "2021.10.06"]
[SourceQuality "1"]

1. e4 c5 2. Nf3 d6 3. d4 cxd4 4. Nxd4 Nf6 5. Nc3 Nc6 6. f3 e5 7. Nb3 Be7 8. Be3 0-0 9. Qd2 a5 10. a4 Be6 11. g4 Nb4 12. Na2 Nxa2 13. Rxa2 d5 14. g5 Nh5 15. h4 d4 16. Bf2 Bxb3 17. Ra1 Bb4 18. c3 dxc3 19. bxc3 Qxd2+ 20. Kxd2 Rfd8+ 21. Bd3 Nf4 22. cxb4 Rxd3+ 23. Ke1 Rad8 24. Bb6 Rd1+ 25. Kf2 R8d2+ 26. Kg3 Rg2# 0-1

[Event "Fuerteventura-chT"]
[Site "Puerto del Rosario"]
[Date "2018.01.27"]
[Round "3.1"]
[White "Bolanos Hernandez, Sergio Raul"]
[Black "Montesinos Mujica, Emmanuel Alej"]
[Result "0-1"]
[WhiteElo "1973"]
[BlackElo "1611"]
[PlyCount "93"]
[EventDate "2018.01.13"]
[EventType "team-tourn"]
[EventRounds "14"]
[EventCountry "ESP"]
[SourceTitle "EXT 2024"]
[Source "ChessBase"]
[SourceDate "2023.10.10"]
[SourceVersion "1"]
[SourceVersionDate "2023.10.10"]
[SourceQuality "1"]
[WhiteTeam "Tirol"]
[BlackTeam "Dragones "]
[WhiteTeamCountry "ESP"]
[BlackTeamCountry "ESP"]

1. d4 Nf6 2. c4 c5 3. Nf3 g6 4. g3 b6 5. Bg2 Bb7 6. d5 d6 7. Nc3 Bg7 8. 0-0 0-0 9. e4 Ba6 10. Qa4 Qd7 11. Qb3 Qc7 12. Re1 Nbd7 13. a4 Ng4 14. Nb5 Bxb5 15. axb5 Nge5 16. Bd2 Qb7 17. Nxe5 Bxe5 18. Kh1 a6 19. bxa6 Rxa6 20. Bh3 Rfa8 21. Rxa6 Rxa6 22. Qb5 Nf8 23. f4 Bd4 24. e5 Ra2 25. exd6 exd6 26. Qc6 Qa6 27. Bf1 Rxb2 28. Bc1 Rf2 29. Qe8 Qa2 30. Be2 Be5 31. fxe5 Rxe2 32. Rxe2 Qxe2 33. h4 Qxe5 34. Qxe5 dxe5 35. Bg5 Nd7 36. Bd8 f5 37. Kg2 Kf7 38. Kf3 e4+ 39. Kf4 h6 40. g4 Ke8 41. Bc7 b5 42. cxb5 c4 43. Ba5 fxg4 44. Kxg4 Nf6+ 45. Kf4 c3 46. Ke5 c2 47. Bd2 0-1

[Event "Fuerteventura-chT"]
[Site "Puerto del Rosario"]
[Date "2018.01.20"]
[Round "2.1"]
[White "Montesinos Mujica, Emmanuel Alej"]
[Black "Perez Perez, Alejandro"]
[Result "1-0"]
[WhiteElo "1611"]
[BlackElo "1220"]
[PlyCount "120"]
[EventDate "2018.01.13"]
[EventType "team-tourn"]
[EventRounds "14"]
[EventCountry "ESP"]
[SourceTitle "EXT 2024"]
[Source "ChessBase"]
[SourceDate "2023.10.10"]
[SourceVersion "1"]
[SourceVersionDate "2023.10.10"]
[SourceQuality "1"]
[WhiteTeam "Dragones "]
[BlackTeam "Herbania II"]
[WhiteTeamCountry "ESP"]
[BlackTeamCountry "ESP"]

1. e4 c5 2. Nf3 d6 3. d4 cxd4 4. Nxd4 Nf6 5. Nc3 a6 6. f3 e6 7. Be3 Nc6 8. Qd2 g6 9. 0-0-0 Bg7 10. Nxc6 bxc6 11. Qxd6 Qxd6 12. Rxd6 Bd7 13. Rd2 a5 14. Bc4 0-0 15. g4 Bc8 16. h4 h5 17. e5 Nd7 18. gxh5 Nxe5 19. Be2 Ba6 20. hxg6 fxg6 21. Bxa6 Rxa6 22. f4 Nc4 23. Rd3 Nxe3 24. Rxe3 c5 25. h5 Bh6 26. Ne2 g5 27. Rg3 Rf5 28. Rhg1 g4 29. Rxg4+ Kh7 30. Kb1 Rxh5 31. Ng3 Rd5 32. Ne4 Rf5 33. Ng5+ Bxg5 34. Rxg5 Rxg5 35. Rxg5 Rd6 36. Kc1 Rd5 37. Rxd5 exd5 38. Kd2 Kg6 39. Ke3 Kf5 40. b3 Ke6 41. c3 Kd6 42. a3 Kc6 43. f5 Kd6 44. Kf4 c4 45. bxc4 dxc4 46. Ke4 Ke7 47. Ke5 a4 48. Kd5 Kf6 49. Kxc4 Kxf5 50. Kb5 Ke6 51. Kxa4 Kd7 52. Kb5 Kc8 53. Kb6 Kb8 54. a4 Ka8 55. c4 Kb8 56. c5 Ka8 57. c6 Kb8 58. c7+ Kc8 59. a5 Kd7 60. a6 Kc8 1-0

[Event "Turmero IRT"]
[Site "Turmero"]
[Date "2017.08.12"]
[Round "5.5"]
[White "Gonzalez Martinez, Jose"]
[Black "Montesinos Mujica, Emmanuel Alej"]
[Result "1/2-1/2"]
[WhiteElo "1375"]
[BlackElo "1585"]
[PlyCount "70"]
[EventDate "2017.08.12"]
[EventType "swiss"]
[EventRounds "6"]
[EventCountry "VEN"]
[SourceTitle "EXT 2022"]
[Source "ChessBase"]
[SourceDate "2021.10.06"]
[SourceVersion "1"]
[SourceVersionDate "2021.10.06"]
[SourceQuality "1"]

1. e4 c5 2. Nf3 d6 3. d3 Nf6 4. g3 Qc7 5. Bg2 Nc6 6. Nbd2 b5 7. 0-0 Bb7 8. Re1 e6 9. Nf1 Be7 10. h4 Nd7 11. N1h2 Nde5 12. Bf4 Nxf3+ 13. Nxf3 e5 14. Bg5 Bxg5 15. Nxg5 h6 16. Nh3 Bc8 17. Rf1 Qe7 18. Qd2 g5 19. hxg5 Bxh3 20. Bxh3 hxg5 21. Kg2 Qf6 22. c3 Ke7 23. Qe2 Rh6 24. Qg4 Rd8 25. a3 Nb8 26. c4 bxc4 27. dxc4 Nc6 28. Rab1 Rdh8 29. Qd7+ Kf8 30. Rh1 Nd4 31. Bf5 Rxh1 32. Rxh1 Rxh1 33. Kxh1 Nxf5 34. exf5 Qe7 35. Qc8+ Kg7 1/2-1/2